| 000 | 00734nam a22001937a 4500 | ||
|---|---|---|---|
| 005 | 20250520162714.0 | ||
| 010 | _aB-768047-8066 BACEN25 | ||
| 020 |
_a9789392066351 _c795.00 |
||
| 035 | _aB-768047-8066 | ||
| 037 | _bAkshresh | ||
| 082 | _a921 | ||
| 100 |
_aAggarwal Amit _981304 |
||
| 245 |
_aRatan tata / _cby Amit Aggarwal |
||
| 260 |
_aNew delhi _bRaj Publication _c2024 |
||
| 270 |
_a108,4855/24 ansari road _bNew delhi _e110002 |
||
| 300 |
_a232p. _c23cm(hbk) |
||
| 942 |
_2ddc _cEN _h921 _mAGG |
||
| 999 |
_c209406 _d209406 |
||